| 000 | 01013nam a22002417a 4500 | ||
|---|---|---|---|
| 999 |
_c7686 _d7686 |
||
| 003 | AR-CdUCM | ||
| 008 | 190321b ||||| |||| 00| 0 spa d | ||
| 020 | _a84-7232-555-5 | ||
| 040 |
_aMUNICIPALIDAD PROVINCIAL DEL CUSCO _cBIBLIOTECA MUNICIPAL DEL CUSCO |
||
| 082 |
_a869.15 / _bSA18 |
||
| 100 |
_aSalcedo, Hugo _921698 |
||
| 245 | _aEl viaje de los cantores / | ||
| 260 |
_aMadrid : _bEdiciones de Cultura Hispánica, _bInstituto de Cooperación Iberoamericana, _c1990. |
||
| 300 |
_a85 páginas ; _c20 cm. |
||
| 500 | _aBasada en hechos reales del 2 de julio de 1987, tragedia en la que 18 mexicanos al intentar ingresar ilegalmente hacia Estados Unidos mueren por asfixia. Sólo sobrevive un joven de 24 años, que logra abrir un agujero en el vagón que fue herméticamente cerrado. | ||
| 650 |
_aTeatro mexicano _917056 |
||
| 650 |
_aSiglo XX _98 |
||
| 650 |
_aTeatro histórico mexicano _921699 |
||
| 650 |
_aTrata de personas _921700 |
||
| 650 |
_aMéxico _918 |
||
| 942 |
_2ddc _cLIBROS |
||
| 945 | _azta | ||